'Justicia' y 'Derecho' en los Padres de la Iglesia.

Furkejuvvon:
Bibliográfalaš dieđut
Váldodahkki: Sagales Cisquella, Llorenç (autor)
Materiálatiipa: Dovdameahttun
Giella:eaŋgalasgiella
Almmustuhtton: Madrid, España: CEU Ediciones, 2023.
Preanttus:Primera edición.
Ráidu:Colección CEU-CEFAS, Centro CEU de Estudios, Formación y Análisis social. Serie Minor.
Fáttát:
Fáddágilkorat: Lasit fáddágilkoriid
Eai fáddágilkorat, Lasit vuosttaš fáddágilkora!

MARC

LEADER 00000 a2200000 4500
003 CL-VaPUC
005 20250103100420.0
008 240426t2023 ||||| |||| 00| 0 eng d
999 |c 443195  |d 443193 
020 |a 9788419111500 
040 |c Pontificia Universidad Católica de Valparaíso 
082 |2 22  |a 261.7 SAG 2023 
100 |a Sagales Cisquella, Llorenç   |9 887685  |e autor  
245 |a 'Justicia' y 'Derecho' en los Padres de la Iglesia. 
250 |a Primera edición.  
260 |a Madrid, España:  |b CEU Ediciones,  |c 2023. 
300 |a 107 páginas. 
490 |a Colección CEU-CEFAS, Centro CEU de Estudios, Formación y Análisis social. Serie Minor.  
583 |k GC  |c 20240426 
650 0 |a Iglesia Católica  |x Surgimiento   |x Análisis histórico y filosófico   |9 256114 
650 0 |9 393675  |a Derecho y justicia   |v Análisis conceptual   |x Cristianismo 
942 |2 ddc  |c BK 
952 |0 0  |1 0  |2 ddc  |4 0  |6 261_700000000000000_SAG_2023  |7 0  |8 A  |9 594158  |a BIBDER  |b BIBDER  |d 2024-04-22  |e 3  |g 14030.00  |i 5660785  |l 1  |m 1  |o 261.7 SAG 2023  |p 5660785  |r 2024-06-17  |s 2024-05-06  |t 1  |v 14030.00  |w 2024-04-22  |y BK  |k DER